000 00492nam a2200181Ia 4500
005 20250326141840.0
008 250326s9999 xx 000 0 und d
037 _aTextbook
040 _aFMSL
_beng
_cFMSL
041 _aeng
_2eng
084 _aX M8
_qFMSL
100 _aSingh D B
_9728063
245 0 _aEconomic growth problems, policies
_cSingh D B
260 _aMadras
_bMadras, Centre For Research
_c1988
300 _a590p
942 _cTB
_hX M8
999 _c1292269
_d1292269